25 największych miast Walii - Statystyki

Ogólne statystyki
  • Ten quiz został rozwiązany 23 razy
  • Średni wynik to 3 z 25
Statystyki odpowiedzi
L.p. Populacja Miasto % Poprawnych
1 447,287 Cardiff
100%
3 300,352 Swansea
68%
2 306,844 Newport
27%
4 65,692 Wrexham
27%
19 26,442 Flint
9%
9 49,591 Llanelli
9%
11 46,267 Rhyl / Prestatyn
9%
8 54,673 Barry
5%
7 58,380 Bridgend
5%
5 63,576 Buckley
5%
6 62,545 Tonypandy
5%
16 31,135 Aberdare
0%
22 23,709 Ammanford
0%
21 24,042 Blackwood
0%
13 41,402 Caerphilly
0%
23 23,277 Church Village / Llantwit Fardre
0%
14 34,284 Colwyn Bay / Colwyn
0%
10 46,915 Cwmbran
0%
15 33,068 Ebbw Vale / Brynmawr / Nantyglo
0%
25 20,581 Gorseinon
0%
24 21,001 Maesteg
0%
12 43,820 Merthyr Tydfil / Merthyr
0%
18 27,226 Penarth
0%
17 30,457 Pontypridd
0%
20 25,362 Rhosllanerchrugog
0%
Nie znaleziono quizów pasujących do podanych kryteriów
Rozkład punktacji
Procent ludzi z każdym wynikiem
Percentyl według liczby udzielonych odpowiedzi
Twoja historia wyników
Nie rozwiązałeś tego quizu